| 000 | 00988nam a2200217Ia 4500 | ||
|---|---|---|---|
| 001 | 10493 | ||
| 003 | GE_BSU | ||
| 008 | 181216s||||||||xx |||||||||||||| ||und|| | ||
| 040 | _cGE_BSU | ||
| 080 | _a821.353.1-1+821.353.1-13 | ||
| 100 | _aრუსთაველი,შოთა | ||
| 245 | _aქართული პოეზია. 15 ტომად:ტ.2.შოთა რუსთაველი:ვეფხისტყაოსანი:პოემა | ||
| 245 | _cსარედ. კოლ.: გრ.აბაშიძე, ან.კალანდაძე, მ.ლებანიძე და სხვ.ს.ცაიშვილის წინასიტყვ.ილ.დ.დუნდუა.რედ.ა.ბრეგაძე | ||
| 260 | _aთბილისი | ||
| 260 | _bნაკადული | ||
| 260 | _c1974 | ||
| 300 | _a458გვ.18სმ. | ||
| 653 | _aდავითიანი | ||
| 653 | _aქართული პოეზია | ||
| 942 | _cBK | ||
| 999 |
_c43748 _d43748 |
||